[Event "Gibraltar Masters"]
[Site "Caleta ENG"]
[Date "2011.02.02"]
[Round "9.23"]
[White "Buhmann, Rainer"]
[Black "Slavin, Alexei"]
[Result "1-0"]
[WhiteTitle "GM"]
[BlackTitle "IM"]
[WhiteElo "2572"]
[BlackElo "2417"]
[WhiteFideId "4651340"]
[BlackFideId "24104388"]
[EventDate "2011.01.25"]
[EventType "swiss"]

1. Nf3 c5 2. c4 g6 3. d4 cxd4 4. Nxd4 Bg7 5. e4 Nf6 6. Nc3 d6 7. Be2 O-O 8. O-O
Nc6 9. Be3 Bd7 10. Nb3 a5 11. Nd2 Ne8 12. Rc1 Bd4 13. Bg5 Bf6 14. Bxf6 Nxf6 15.
Nd5 e6 16. Nc3 Nd4 17. Nf3 Nxf3+ 18. Bxf3 Bc6 19. Re1 e5 20. Re3 Qe7 21. Rd3
Rfd8 22. Qd2 Rd7 23. Rd1 Qe6 24. b3 a4 25. h3 axb3 26. axb3 Ra3 27. Qb2 Ra8 28.
Qc1 Kg7 29. Qe3 Qe7 30. Qd2 Qe6 31. Qe3 h5 32. Be2 Rdd8 33. b4 Be8 34. c5 Qb3
35. Nb5 Qxb4 36. Nxd6 Bd7 37. Rb3 Qa4 38. Rxb7 Be6 39. Qc3 Qc6 40. Rb6 Qc7 41.
Qxe5 Rac8 42. Rb7 Qc6 43. Re7 Bb3 44. Rd3 Qxc5 45. Nxc8 Qc1+ 46. Kh2 Rxc8 47.
Rxb3 Rc5 48. Rxf7+ Kh6 49. Qxf6 Rf5 50. Qg7+ 1-0

[Event "Gibraltar Masters"]
[Site "Caleta ENG"]
[Date "2011.02.02"]
[Round "9.24"]
[White "Fier, Alexandr"]
[Black "Monroy, Charles"]
[Result "1-0"]
[WhiteTitle "GM"]
[BlackTitle "IM"]
[WhiteElo "2571"]
[BlackElo "2421"]
[WhiteFideId "2107139"]
[BlackFideId "621641"]
[EventDate "2011.01.25"]
[EventType "swiss"]

1. e4 c6 2. d4 d5 3. e5 Bf5 4. Nf3 e6 5. Be2 Nd7 6. O-O Bg6 7. Nbd2 Nh6 8. Ne1
Nf5 9. Ndf3 Be7 10. Nd3 Rc8 11. Nf4 c5 12. c3 a6 13. g3 cxd4 14. cxd4 Qb6 15. h4
f6 16. g4 Nxh4 17. Nxh4 Bc2 18. Qd2 fxe5 19. Nfg2 exd4 20. Bd3 Bxd3 21. Qxd3 O-O
22. Re1 e5 23. Nf5 Bb4 24. Bd2 Kh8 25. Bxb4 Qxb4 26. Qh3 g6 27. Nfh4 Qd6 28. g5
Kg7 29. Rad1 Nc5 30. f4 e4 31. f5 d3 32. Rf1 d4 33. f6+ Kf7 34. Nf5 gxf5 35.
Qh5+ Ke6 36. Qxh7 Kd5 37. b4 Rh8 38. Rxf5+ Kc4 39. Rxc5+ Rxc5 40. bxc5 Qb8 41.
Rc1+ Kb5 42. Qxe4 Qh2+ 43. Kf2 1-0

[Event "Gibraltar Masters"]
[Site "Caleta ENG"]
[Date "2011.02.02"]
[Round "9.25"]
[White "Bellaiche, Anthony"]
[Black "Kosintseva, Tatiana"]
[Result "1-0"]
[WhiteTitle "IM"]
[BlackTitle "GM"]
[WhiteElo "2458"]
[BlackElo "2570"]
[WhiteFideId "615668"]
[BlackFideId "4133471"]
[EventDate "2011.01.25"]
[EventType "swiss"]

1. d4 Nf6 2. c4 e6 3. Nf3 d5 4. Nc3 Bb4 5. cxd5 exd5 6. Bg5 Nbd7 7. Rc1 h6 8.
Bxf6 Bxc3+ 9. bxc3 Nxf6 10. e3 O-O 11. Bd3 c5 12. O-O Qa5 13. Bb1 Be6 14. Ne5
Rac8 15. Qe1 Ne4 16. f3 Nd6 17. g4 Rfe8 18. Qd2 f6 19. Ng6 Nc4 20. Qd3 Na3 21.
Nf4 Nxb1 22. Rxb1 b6 23. Rfc1 Bf7 24. Re1 Qa3 25. Ne2 cxd4 26. Qxd4 Rc4 27. Qd2
Qc5 28. Kf2 h5 29. h3 Qc7 30. Rh1 Qe5 31. gxh5 Qxh5 32. Rbg1 Ra4 33. Nd4 Rc8 34.
Rg4 Rac4 35. Rhg1 g6 36. Ne2 Rxg4 37. hxg4 Qh2+ 38. Rg2 Qe5 39. Rg3 Rc4 40. Rh3
Qe7 41. Qd1 f5 42. gxf5 Rh4 43. Qh1 Rxh3 44. Qxh3 gxf5 45. Nd4 Bg6 46. Qg3 Kh7
47. Qh2+ Kg7 48. Qb8 Qd7 49. Qe5+ Kf7 50. Kg3 Qd8 51. Kf2 Qd7 52. Ne2 Kg8 53.
Qf6 Qg7 54. Qd8+ Kh7 55. Qxd5 Qc7 56. Kg2 Qe7 57. Qd4 Qa3 58. Qd5 Qb2 59. Kf2
Kg7 60. Qd4+ Kg8 61. a4 Bf7 62. Qd8+ Kh7 63. Qf6 Bb3 64. Qxf5+ Kg7 65. a5 Qa2
66. axb6 Bc4 67. Qg5+ Kh7 68. b7 Qxe2+ 69. Kg3 Qb2 70. Qh5+ 1-0

[Event "Gibraltar Masters"]
[Site "Caleta ENG"]
[Date "2011.02.02"]
[Round "9.26"]
[White "Dzagnidze, Nana"]
[Black "Boskovic, Drasko"]
[Result "1-0"]
[WhiteTitle "GM"]
[BlackTitle "IM"]
[WhiteElo "2550"]
[BlackElo "2418"]
[WhiteFideId "13601903"]
[BlackFideId "927368"]
[EventDate "2011.01.25"]
[EventType "swiss"]

1. d4 Nf6 2. c4 c5 3. d5 e6 4. Nc3 exd5 5. cxd5 d6 6. Nf3 g6 7. Nd2 Bg7 8. Nc4
O-O 9. Bf4 Ne8 10. Qd2 b6 11. Nb5 Ba6 12. a4 Bxb5 13. axb5 a6 14. g3 Qc7 15. Bh3
Ra7 16. O-O a5 17. Ra3 Nd7 18. Rd3 Ndf6 19. Re1 Ne4 20. Qc1 f5 21. f3 N4f6 22.
e4 Qd7 23. exf5 Qxb5 24. fxg6 hxg6 25. Qc2 Nh5 26. Rb3 Qa4 27. Be6+ Kh7 28. Nxb6
Qd4+ 29. Be3 Qf6 30. Nd7 Rxd7 31. Bxd7 Qxf3 32. Bxc5 Qxd5 33. Bxe8 Qxc5+ 34.
Qxc5 dxc5 35. Rb7 Kh6 36. Bf7 Bd4+ 37. Kg2 Nf6 38. b3 Ra8 39. h4 g5 40. hxg5+
Kxg5 41. Re2 Ng4 42. Be6 Ne5 43. Bd5 Rd8 44. Be4 Ng4 45. Rf7 Rb8 46. Rf3 Rb4 47.
Bc2 a4 48. Re6 Nh6 49. Rg6+ Kh5 1-0

[Event "Gibraltar Masters"]
[Site "Caleta ENG"]
[Date "2011.02.02"]
[Round "9.27"]
[White "Vernay, Clovis"]
[Black "Stefanova, Antoaneta"]
[Result "1-0"]
[WhiteTitle "IM"]
[BlackTitle "GM"]
[WhiteElo "2446"]
[BlackElo "2546"]
[WhiteFideId "633046"]
[BlackFideId "2902257"]
[EventDate "2011.01.25"]
[EventType "swiss"]

1. d4 d5 2. c4 c6 3. e3 Nf6 4. Nf3 e6 5. Nbd2 c5 6. b3 cxd4 7. exd4 Nc6 8. Bb2
g6 9. Be2 Bh6 10. O-O O-O 11. Ne5 Qa5 12. Ndf3 Ne4 13. Bd3 Nd6 14. c5 Nf5 15. a3
f6 16. b4 Qc7 17. Ng4 Bg7 18. h3 Nd8 19. Re1 Nf7 20. Bc2 Bd7 21. a4 Rad8 22. b5
Rfe8 23. Bb3 Kh8 24. Qb1 Bc8 25. a5 Ne7 26. Ba4 Rg8 27. Bc3 h5 28. Ngh2 b6 29.
Qb2 g5 30. axb6 axb6 31. Bc2 Rde8 32. Reb1 Bh6 33. cxb6 Qxb6 34. g4 f5 35. Qa3
Bd7 36. Qa7 Qd8 37. Ba5 Qc8 38. Bd3 Ng6 39. Rc1 Qb8 40. Qxd7 Re7 41. Qc6 Nh4 42.
Bc7 Qf8 43. Ne5 Nxe5 44. Bxe5+ Bg7 45. Qd6 Ng6 46. b6 Bxe5 47. dxe5 hxg4 48. Rc7
g3 49. fxg3 Qh6 50. Rxe7 Qxh3 51. Nf1 Nh4 52. Ra2 Nf3+ 53. Kf2 Nh4 54. Rxe6 Qg2+
55. Ke1 1-0

[Event "Gibraltar Masters"]
[Site "Caleta ENG"]
[Date "2011.02.02"]
[Round "9.29"]
[White "Rapport, Richard"]
[Black "Tate, Alan"]
[Result "0-1"]
[WhiteTitle "GM"]
[WhiteElo "2531"]
[BlackElo "2292"]
[WhiteFideId "738590"]
[BlackFideId "2401878"]
[EventDate "2011.01.25"]
[EventType "swiss"]

1. d4 Nf6 2. c4 c5 3. d5 b5 4. cxb5 a6 5. f3 e6 6. e4 c4 7. Bxc4 axb5 8. Bb3 Bc5
9. Ne2 Qb6 10. Nbc3 O-O 11. Bg5 Na6 12. g3 Bf2+ 13. Kf1 Nc5 14. e5 Nxb3 15. exf6
Nxa1 16. fxg7 Kxg7 17. Qc1 f5 18. Bh6+ Kf7 19. Bxf8 Kxf8 20. Qxa1 b4 21. Nd1 Bd4
22. Kg2 Bb7 23. Nxd4 Qxd4 24. Nf2 Qxd5 25. Qd1 Rxa2 26. Qe2 Qb3 27. Rb1 Bc6 28.
Qd3 Bd5 29. Kh3 Rxb2 30. Rc1 Qxd3 31. Nxd3 Rb3 32. Ne5 Ke7 33. f4 Rc3 34. Ra1
Rc7 0-1

[Event "Gibraltar Masters"]
[Site "Caleta ENG"]
[Date "2011.02.02"]
[Round "9.30"]
[White "Cmilyte, Viktorija"]
[Black "Szuper, Paul"]
[Result "1-0"]
[WhiteTitle "GM"]
[WhiteElo "2526"]
[BlackElo "2174"]
[WhiteFideId "12801259"]
[BlackFideId "2026791"]
[EventDate "2011.01.25"]
[EventType "swiss"]

1. c4 b6 2. Nc3 e6 3. e4 Bb7 4. Nge2 c5 5. d4 cxd4 6. Nxd4 Bb4 7. Bd3 Nf6 8. e5
Ne4 9. Bxe4 Bxe4 10. O-O Bg6 11. Qf3 Na6 12. Bg5 Qc8 13. a3 Bxc3 14. Qxc3 O-O
15. Nb5 Qc6 16. b4 Nc7 17. Nd4 Qa4 18. f4 Rac8 19. Qf3 Qa6 20. Rfc1 Rfe8 21. a4
Rb8 22. g4 h6 23. Bh4 Bh7 24. f5 Qb7 25. Qxb7 Rxb7 26. f6 g5 27. Be1 Be4 28. Ra3
Kh7 29. Re3 Bg6 30. Bd2 Rg8 31. Rh3 Ne8 32. Nf3 h5 33. Nxg5+ Kh8 34. gxh5 Bf5
35. Rg3 d6 36. Bc3 Rc7 37. exd6 Nxd6 38. Be5 Rxc4 39. Rxc4 Nxc4 40. Nxf7+ Kh7
41. Bf4 Rxg3+ 42. hxg3 e5 43. Bxe5 1-0

[Event "Gibraltar Masters"]
[Site "Caleta ENG"]
[Date "2011.02.02"]
[Round "9.31"]
[White "Valgmae, Toomas"]
[Black "Al-Sayed, Mohammed"]
[Result "1/2-1/2"]
[BlackTitle "GM"]
[WhiteElo "2190"]
[BlackElo "2490"]
[WhiteFideId "4502523"]
[BlackFideId "12100196"]
[EventDate "2011.01.25"]
[EventType "swiss"]

1. d4 d5 2. c4 c6 3. cxd5 cxd5 4. Nc3 Nf6 5. Nf3 Nc6 6. Bf4 a6 7. e3 Bg4 8. Bd3
e6 9. O-O Be7 10. Rc1 O-O 11. Na4 Ne4 12. h3 Bh5 13. g4 Bg6 14. Ne5 Nxe5 15.
Bxe5 Bd6 16. Bxe4 dxe4 17. Nc5 Bxe5 18. dxe5 Qh4 19. Kg2 Rfd8 20. Nd7 Rac8 21.
Rxc8 Rxc8 22. Qe2 h5 23. Rd1 hxg4 24. hxg4 f5 25. exf6 gxf6 26. b4 Kf7 27. Rh1
Qg5 28. Nc5 Bf5 29. Kg3 Rg8 30. Rh4 b6 31. Qd1 bxc5 32. Qd7+ Kf8 33. Qd8+ Kf7 1/2-1/2

[Event "Gibraltar Masters"]
[Site "Caleta ENG"]
[Date "2011.02.02"]
[Round "9.32"]
[White "Hoffmann, Michael1"]
[Black "Henriksson, Johan"]
[Result "0-1"]
[WhiteTitle "GM"]
[WhiteElo "2506"]
[BlackElo "2243"]
[WhiteFideId "4601297"]
[BlackFideId "1703560"]
[EventDate "2011.01.25"]
[EventType "swiss"]

1. d4 d5 2. c4 c6 3. Nf3 e6 4. Nc3 f5 5. Bf4 Nf6 6. e3 Be7 7. Qc2 O-O 8. h3 Ne4
9. Bd3 b6 10. g4 Bb7 11. gxf5 exf5 12. Ke2 Nd7 13. Rag1 Bf6 14. h4 c5 15. Nxd5
Bxd5 16. cxd5 cxd4 17. Bxe4 fxe4 18. Qxe4 Nc5 19. Qf5 dxe3 20. fxe3 Bxb2 21. Qh5
Qd7 22. Ng5 h6 23. Nh3 Rae8 24. d6 Qb5+ 25. Kf3 Rxe3+ 26. Kxe3 Qd3+ 27. Kf2
Rxf4+ 0-1

[Event "Gibraltar Masters"]
[Site "Caleta ENG"]
[Date "2011.02.02"]
[Round "9.33"]
[White "Gallagher, Joseph G."]
[Black "Nuri, Kambez"]
[Result "1-0"]
[WhiteTitle "GM"]
[WhiteElo "2501"]
[BlackElo "2300"]
[WhiteFideId "1303422"]
[BlackFideId "1311433"]
[EventDate "2011.01.25"]
[EventType "swiss"]

1. e4 c5 2. Nf3 Nc6 3. c3 g6 4. d4 cxd4 5. cxd4 d5 6. exd5 Qxd5 7. Nc3 Qd8 8. d5
Nb8 9. Bb5+ Bd7 10. Qb3 Bg7 11. Bf4 Nf6 12. Bxd7+ Qxd7 13. Ne5 Qf5 14. Qxb7 Qxf4 1-0

[Event "Gibraltar Masters"]
[Site "Caleta ENG"]
[Date "2011.02.02"]
[Round "9.34"]
[White "Krush, Irina"]
[Black "Dougherty, Michael"]
[Result "1-0"]
[WhiteTitle "IM"]
[BlackTitle "FM"]
[WhiteElo "2483"]
[BlackElo "2183"]
[WhiteFideId "2012782"]
[BlackFideId "2601559"]
[EventDate "2011.01.25"]
[EventType "swiss"]

1. d4 e6 2. c4 d5 3. Nc3 Be7 4. cxd5 exd5 5. Bf4 c6 6. e3 Bf5 7. Nge2 Nf6 8. Ng3
Bg6 9. h4 h5 10. Bd3 Bxd3 11. Qxd3 g6 12. O-O-O Nbd7 13. f3 Qa5 14. Kb1 b5 15.
e4 dxe4 16. Ngxe4 b4 17. Nxf6+ Nxf6 18. Ne4 O-O 19. Be5 Nxe4 20. fxe4 f6 21. Bf4
Kg7 22. Rc1 Rac8 23. Rc4 Rfd8 24. Rhc1 Qb5 25. Qg3 Qb7 26. d5 c5 27. Qf3 Qd7 28.
Be3 Qb5 29. g4 hxg4 30. Qxg4 Qd7 31. Qg2 Rh8 32. Rg1 Qe8 33. e5 f5 34. Qg3 Bd8
35. e6 Bb6 36. Qe5+ Kg8 37. Qf6 1-0

[Event "Gibraltar Masters"]
[Site "Caleta ENG"]
[Date "2011.02.02"]
[Round "9.35"]
[White "Forsaa, Espen"]
[Black "Pogonina, Natalija"]
[Result "1/2-1/2"]
[WhiteTitle "FM"]
[BlackTitle "WGM"]
[WhiteElo "2306"]
[BlackElo "2472"]
[WhiteFideId "1504436"]
[BlackFideId "4147855"]
[EventDate "2011.01.25"]
[EventType "swiss"]

1. e4 e5 2. Nf3 d6 3. d4 exd4 4. Nxd4 Nf6 5. Nc3 Be7 6. g3 Nc6 7. Nde2 h5 8. h3
Be6 9. Bg2 Qd7 10. Nf4 Bc4 11. Be3 Ne5 12. Ncd5 Nxd5 13. Nxd5 Bxd5 14. Qxd5 Qc6
15. Qxc6+ Nxc6 16. h4 Bf6 17. O-O-O O-O-O 18. f4 Rhe8 19. Bf3 g6 20. Rhe1 a6 21.
Bf2 Kb8 22. c3 Bg7 23. Kc2 Ne7 24. Rd2 Ng8 25. Red1 Rc8 26. c4 Nh6 27. Re1 Ng4
28. Bg1 Bf8 29. Bd4 Be7 30. Rde2 Bf8 31. Bc3 c6 32. Rd1 Nh6 33. Red2 Re6 34. Bb4
Kc7 35. Ba5+ Kb8 36. Bb4 Kc7 37. Ba5+ Kb8 38. Bc3 Rce8 39. Bb4 c5 40. Bc3 Ng4
41. Bxg4 hxg4 42. e5 Kc7 43. Rd5 Kc6 44. exd6 Bxd6 45. Rg5 Be7 46. Re5 Rxe5 1/2-1/2

[Event "Gibraltar Masters"]
[Site "Caleta ENG"]
[Date "2011.02.02"]
[Round "9.36"]
[White "Calzetta Ruiz, Monica"]
[Black "Battaglini, Gabriel"]
[Result "0-1"]
[WhiteTitle "WGM"]
[BlackTitle "IM"]
[WhiteElo "2284"]
[BlackElo "2437"]
[WhiteFideId "2204185"]
[BlackFideId "621650"]
[EventDate "2011.01.25"]
[EventType "swiss"]

1. e4 c6 2. d4 d5 3. Nd2 dxe4 4. Nxe4 Bf5 5. Ng3 Bg6 6. h4 h6 7. Nf3 Nd7 8. h5
Bh7 9. Bd3 Bxd3 10. Qxd3 e6 11. Bf4 Qa5+ 12. Bd2 Bb4 13. Ne4 Ngf6 14. Nd6+ Ke7
15. Nc4 Bxd2+ 16. Nfxd2 Qc7 17. Ne4 c5 18. Nxf6 Nxf6 19. O-O-O Rhd8 20. Qa3 Rac8
21. Ne3 Nd5 22. Rhe1 Nxe3 23. Rxe3 Qf4 24. g3 Qxf2 25. d5 Rd6 26. Rf3 Qe2 27.
Qc3 Rcd8 28. Rdf1 f6 29. Qxc5 b6 30. Qa3 Ke8 31. R3f2 Qxh5 32. c4 exd5 33. Qxa7
Qg5+ 34. Kb1 dxc4 35. a3 Qxg3 36. Rf3 Qg5 37. Re1+ Kf8 38. Qe7+ Kg8 39. Rff1
Qg6+ 40. Ka1 Qf7 41. Qe3 b5 42. Rg1 Rd3 43. Qc5 c3 0-1

[Event "Gibraltar Masters"]
[Site "Caleta ENG"]
[Date "2011.02.02"]
[Round "9.37"]
[White "Garcia Jimenez, Francisco Javier"]
[Black "Vaibhav, Suri"]
[Result "0-1"]
[WhiteTitle "FM"]
[BlackTitle "IM"]
[WhiteElo "2274"]
[BlackElo "2421"]
[WhiteFideId "2231590"]
[BlackFideId "5045185"]
[EventDate "2011.01.25"]
[EventType "swiss"]

1. e4 c5 2. Nc3 Nc6 3. g3 g6 4. Bg2 Bg7 5. d3 d6 6. Nge2 Nf6 7. O-O O-O 8. h3
Rb8 9. Be3 b5 10. Qd2 b4 11. Nd1 Bb7 12. Bh6 Bxh6 13. Qxh6 d5 14. Nf4 dxe4 15.
dxe4 e5 16. Nd3 c4 17. Nc5 Bc8 18. Ne3 Qa5 19. Nd5 Ne8 20. Qe3 Nd4 21. c3 bxc3
22. b4 Rxb4 23. Nb3 cxb3 24. axb3 Qc5 25. Nxb4 Qxb4 26. Rxa7 Qxb3 27. f4 c2 0-1

[Event "Gibraltar Masters"]
[Site "Caleta ENG"]
[Date "2011.02.02"]
[Round "9.38"]
[White "Mullon, Jean-Baptiste"]
[Black "Daurelle, Herve"]
[Result "0-1"]
[WhiteTitle "IM"]
[WhiteElo "2420"]
[BlackElo "2243"]
[WhiteFideId "613606"]
[BlackFideId "602655"]
[EventDate "2011.01.25"]
[EventType "swiss"]

1. c4 e6 2. e4 d5 3. exd5 exd5 4. d4 dxc4 5. Bxc4 Bd6 6. Nf3 Nf6 7. O-O O-O 8.
h3 h6 9. Nc3 Nc6 10. Re1 Re8 11. Be3 Re7 12. a3 Bf5 13. Nh4 Bh7 14. Qf3 Qd7 15.
Bxh6 Nxd4 16. Qxb7 Rae8 17. Be3 Be4 18. Qa6 Nc2 19. Nxe4 Rxe4 20. Bb5 Qe6 21.
Nf3 Nxa1 22. Rxa1 Rxe3 23. fxe3 Qxe3+ 24. Kh1 Ne4 25. Bxe8 Nf2+ 26. Kg1 Nxh3+
27. Kh1 Qg1+ 0-1

[Event "Gibraltar Masters"]
[Site "Caleta ENG"]
[Date "2011.02.02"]
[Round "9.39"]
[White "Stokke, Kjetil"]
[Black "Lochte, Thomas"]
[Result "1-0"]
[WhiteTitle "FM"]
[WhiteElo "2413"]
[BlackElo "2173"]
[WhiteFideId "1502964"]
[BlackFideId "4606272"]
[EventDate "2011.01.25"]
[EventType "swiss"]

1. d4 Nf6 2. Nf3 g6 3. c4 c5 4. Nc3 cxd4 5. Nxd4 Nc6 6. e4 Qa5 7. Nb3 Qc7 8. f4
d6 9. Nd5 Nxd5 10. cxd5 Nb4 11. Nd4 Qc5 12. Be3 Bd7 13. a3 Na6 14. Qd2 Qc8 15.
Rc1 Qd8 16. e5 Nc7 17. Bc4 Bg7 18. e6 fxe6 19. dxe6 Bc6 20. f5 Be4 21. Bd3 Bxd3
22. Qxd3 O-O 23. O-O Nd5 24. fxg6 Nxe3 25. gxh7+ Kh8 26. Qxe3 Qb6 27. Rcd1 Rxf1+
28. Kxf1 Rf8+ 29. Kg1 Qxb2 30. Nf3 Qc3 31. Qe4 Qxa3 32. Nh4 Qc5+ 33. Kh1 Rf6 34.
Ng6+ Kxh7 35. Nxe7+ Kh8 36. Ng6+ 1-0

[Event "Gibraltar Masters"]
[Site "Caleta ENG"]
[Date "2011.02.02"]
[Round "9.40"]
[White "Andersen, Mads"]
[Black "Wheldon, Philip"]
[Result "1-0"]
[WhiteTitle "FM"]
[WhiteElo "2410"]
[BlackElo "2106"]
[WhiteFideId "1413864"]
[BlackFideId "407402"]
[EventDate "2011.01.25"]
[EventType "swiss"]

1. d4 d5 2. c4 dxc4 3. e4 b5 4. a4 Bb7 5. axb5 Bxe4 6. Nc3 Bb7 7. Nf3 e6 8. Bxc4
Nf6 9. O-O Be7 10. Re1 O-O 11. Qd3 c5 12. Bf4 Nbd7 13. dxc5 Nxc5 14. Qe2 Nd5 15.
Be5 Bf6 16. Red1 Bxe5 17. Qxe5 Nd7 18. Qd4 N7b6 19. Bf1 Nxc3 20. bxc3 Bxf3 21.
Qxd8 Rfxd8 22. Rxd8+ Rxd8 23. gxf3 Nc8 24. c4 Kf8 25. c5 Rd5 26. b6 Rg5+ 27. Kh1
axb6 28. Ra8 Rxc5 29. Ba6 b5 30. Bxc8 b4 31. Rb8 Ke7 32. Ba6 Ra5 33. Bd3 Ra3 34.
Rb7+ Kd6 35. Bxh7 b3 36. Rxf7 Ke5 37. Rxg7 b2 38. Rb7 Kf4 39. Kg2 1-0

[Event "Gibraltar Masters"]
[Site "Caleta ENG"]
[Date "2011.02.02"]
[Round "9.41"]
[White "Sipila, Vilka"]
[Black "Thomassen, Joachim"]
[Result "1-0"]
[BlackTitle "IM"]
[WhiteElo "2269"]
[BlackElo "2404"]
[WhiteFideId "505455"]
[BlackFideId "1504991"]
[EventDate "2011.01.25"]
[EventType "swiss"]

1. e4 c5 2. Nf3 d6 3. d4 cxd4 4. Nxd4 Nf6 5. Nc3 a6 6. Bg5 e6 7. f4 Qb6 8. Qd2
Qxb2 9. Nb3 Qa3 10. Bxf6 gxf6 11. Be2 h5 12. O-O Nc6 13. Nb1 Qa4 14. Nc3 Qa3 15.
Nb1 Qa4 16. Qe3 Na5 17. Nc3 Qa3 18. Nb1 Qa4 19. a3 Nxb3 20. cxb3 Qd7 21. Nc3 b5
22. a4 bxa4 23. Rxa4 Qa7 24. Qxa7 Rxa7 25. Nb5 Rd7 26. Rc1 Bb7 27. Nc7+ Kd8 28.
Nxa6 d5 29. Bb5 Rd6 30. Nc5 Rb6 31. Nxb7+ Rxb7 32. Ra8+ Ke7 33. Re8+ Kd6 34. Ba4 1-0

[Event "Gibraltar Masters"]
[Site "Caleta ENG"]
[Date "2011.02.02"]
[Round "9.42"]
[White "Karim, Ismael"]
[Black "Itkis, Hana"]
[Result "1-0"]
[WhiteTitle "IM"]
[BlackTitle "WFM"]
[WhiteElo "2375"]
[BlackElo "2084"]
[WhiteFideId "625736"]
[BlackFideId "2020190"]
[EventDate "2011.01.25"]
[EventType "swiss"]

1. e4 d6 2. d4 Nf6 3. Nc3 g6 4. Nf3 Bg7 5. Be2 O-O 6. O-O Bg4 7. Be3 Nc6 8. Nd2
Bxe2 9. Qxe2 e5 10. d5 Ne7 11. a4 c6 12. dxc6 bxc6 13. Nc4 d5 14. exd5 Nfxd5 15.
Bc5 f6 16. Rad1 Re8 17. Nd6 Rf8 18. Qc4 Qd7 19. Nde4 f5 20. Bxe7 Qxe7 21. Nxd5
cxd5 22. Qxd5+ Qf7 23. Nd6 Qxd5 24. Rxd5 e4 25. b3 Rab8 26. Rfd1 a6 27. Kf1 Rb4
28. Nc4 f4 29. Rd8 Rb7 30. R1d6 Bc3 31. Rxf8+ Kxf8 32. Rxa6 e3 33. fxe3 fxe3 34.
Nxe3 Re7 35. Nd5 1-0

[Event "Gibraltar Masters"]
[Site "Caleta ENG"]
[Date "2011.02.02"]
[Round "9.43"]
[White "Chapman, Terry P D"]
[Black "Kolbus, Dietmar"]
[Result "1/2-1/2"]
[BlackTitle "IM"]
[WhiteElo "2250"]
[BlackElo "2332"]
[WhiteFideId "413399"]
[BlackFideId "4610628"]
[EventDate "2011.01.25"]
[EventType "swiss"]

1. Nf3 Nf6 2. c4 g6 3. Nc3 Bg7 4. e4 d6 5. d4 O-O 6. Be2 Na6 7. O-O e5 8. Re1
Qe8 9. Bf1 Bg4 10. d5 Nh5 11. h3 Bc8 12. Rb1 f5 13. b4 Nb8 14. c5 Kh8 15. Nd2
Nf6 16. Ba3 Rf7 17. Qc2 Qd8 18. Rbc1 Ne8 19. Nc4 Nd7 20. c6 bxc6 21. dxc6 Ndf6
22. Rcd1 Nxe4 23. Nxe4 fxe4 24. Qxe4 Qf6 25. Qe3 a6 26. Bc1 Be6 27. Qg3 Rf8 28.
a3 Qf7 29. Nd2 Bd5 30. b5 axb5 31. Bxb5 Nf6 32. f3 Bh6 33. a4 Nh5 34. Qh4 Bf4
35. Nf1 Bb3 36. Bxf4 Qxf4 37. Qxf4 Rxf4 38. Ra1 Nf6 39. Reb1 Bxa4 40. Ne3 Kg7
41. Bxa4 Rfxa4 42. Rxa4 Rxa4 43. Rb7 Ne8 44. Nd5 Rc4 1/2-1/2

[Event "Gibraltar Masters"]
[Site "Caleta ENG"]
[Date "2011.02.02"]
[Round "9.44"]
[White "Zygouris, Hristos"]
[Black "Dittmar, Peter"]
[Result "1-0"]
[BlackTitle "FM"]
[WhiteElo "2215"]
[BlackElo "2328"]
[WhiteFideId "4200292"]
[BlackFideId "4602064"]
[EventDate "2011.01.25"]
[EventType "swiss"]

1. c4 e6 2. g3 d5 3. Bg2 Nf6 4. Nf3 dxc4 5. Na3 Bxa3 6. bxa3 Nbd7 7. Bb2 O-O 8.
Rc1 Nb6 9. Qc2 Qe7 10. Ng5 e5 11. f4 e4 12. Nxe4 Nxe4 13. Bxe4 Bg4 14. e3 Rad8
15. h3 Bc8 16. Bxh7+ Kh8 17. Be4 Rfe8 18. Be5 Kg8 19. Qd1 f5 20. Bf3 Qxa3 21.
Rc3 Qc5 22. O-O Nd5 23. Bxd5+ Qxd5 24. Qh5 b5 25. d3 Bb7 26. e4 fxe4 27. Qg6 Re7
28. dxe4 Qc5+ 29. Kg2 Rd2+ 30. Kf3 b4 31. Rcc1 Rd3+ 32. Kg4 Qe3 33. Kh4 Bxe4 34.
Qg5 Bd5 35. Rce1 Rxe5 36. Qd8+ Re8 37. Qxe8+ Qxe8 38. Rxe8+ Kf7 39. Rfe1 Rd4 40.
Kg5 Be6 41. R8xe6 1-0

[Event "Gibraltar Masters"]
[Site "Caleta ENG"]
[Date "2011.02.02"]
[Round "9.45"]
[White "Navarrete Espi, Samuel"]
[Black "Weber, Tom"]
[Result "1/2-1/2"]
[BlackTitle "FM"]
[WhiteElo "2095"]
[BlackElo "2310"]
[WhiteFideId "2237725"]
[BlackFideId "4000609"]
[EventDate "2011.01.25"]
[EventType "swiss"]

1. e4 d5 2. exd5 Qxd5 3. Nc3 Qa5 4. d4 c6 5. Bc4 Nf6 6. Bd2 Bg4 7. f3 Bf5 8.
Nge2 Nbd7 9. g4 Bg6 10. Nf4 e5 11. Qe2 Bb4 12. Nxg6 hxg6 13. f4 e4 14. g5 Nd5
15. Qxe4+ Kf8 16. O-O Nxc3 17. bxc3 Bxc3 18. Rae1 Qb4 19. Bxc3 Qxc4 20. f5 Rh5
21. Kh1 Kg8 22. fxg6 fxg6 23. Qe6+ Qxe6 24. Rxe6 Rxg5 25. Re7 Nf6 26. d5 Rxd5
27. Bxf6 gxf6 28. Rxf6 Rg5 29. Rff7 Rd8 30. Rg7+ 1/2-1/2

[Event "Gibraltar Masters"]
[Site "Caleta ENG"]
[Date "2011.02.02"]
[Round "9.46"]
[White "Jaunooby, Ali R"]
[Black "Bergstrom, Rolf"]
[Result "0-1"]
[BlackTitle "FM"]
[WhiteElo "2207"]
[BlackElo "2307"]
[WhiteFideId "413291"]
[BlackFideId "1702386"]
[EventDate "2011.01.25"]
[EventType "swiss"]

1. d4 b6 2. e4 Bb7 3. Nc3 e6 4. a3 Nf6 5. Bd3 c5 6. Nf3 cxd4 7. Nxd4 Nc6 8. Nf3
d6 9. Bf4 a6 10. Qe2 Be7 11. Rd1 Qc7 12. g4 Ne5 13. Rg1 Nfd7 14. Be3 Nxf3+ 15.
Qxf3 Bf6 16. Bd2 g6 17. Qe3 h5 18. g5 Bg7 19. Rb1 d5 20. exd5 O-O 21. dxe6 Ne5
22. Be2 Rfe8 23. Qg3 Rxe6 24. Be3 Qc6 25. Qf4 b5 26. Rd1 Ng4 27. Rd3 Nxe3 28.
fxe3 Be5 29. Qf2 Rd6 30. Rf1 Rf8 31. Bf3 Qxf3 32. Qxf3 Bxf3 33. Rxf3 Rc6 34. Rf2
Rc4 35. Kd2 Rh4 36. Nd5 Bxh2 37. Nf6+ Kg7 38. e4 Bf4+ 39. Ke2 Bxg5 40. e5 Rf4
41. Rd6 Rxf2+ 42. Kxf2 Bf4 43. Rxa6 Bxe5 44. Nd7 Bd4+ 45. Kf3 Rd8 46. Nb6 Rd6
47. a4 bxa4 0-1